000 00449nam a22001817a 4500
003 MPLRDC
005 20220104143505.0
008 210129b ||||| |||| 00| 0 eng d
082 _a830.8 WJWK v.119 c.2
100 _a田原
245 _a松花江畔
_c
250 _a修订再三版
260 _a
_b大地出版社
_c1986
300 _b
490 _a万卷文库. 119
650 _a中国文学总集
942 _cBK
_o830.8 WJWK v.119 c.2
999 _c40426
_d40416